Personnages de Mes premières fois - Mort subite - Statistiques

Statistiques générales
  • Ce quiz a été pris 414 fois
  • Le résultat moyen est 8 sur 12
Answers on the Grid
Answers color-coded by a green-red scale on the quiz's grid according to % correct below.
Devi
Paxton
Ben
Aneesa
Fabiola
Eleanor
Kamala
Trent
Nalini
Des
Mohan
Manish
Sarah
Maya
Jordan
Priya
Sienna
Elijah
Nikhil
Cassie
Sophie
John
 
Statistiques - réponses
Réponse % Correct
Devi
76%
Paxton
76%
Ben
73%
Fabiola
71%
Kamala
71%
Eleanor
66%
Nalini
64%
Trent
64%
Manish
63%
Aneesa
53%
Des
50%
Mohan
50%
Aucun quiz correspondant
Distribution des résultats
% des personnes avec chaque résultat
Percentile par nombre de réponses
Votre historique - résultats
Vous n’avez pas pris ce quiz